5HLuxD.jpg

KING HENRY VIII SENIOR AND PRIMARY SCHOOL LIBRARY OPAC

Artemis Fowl / (Record no. 3848)

000 -LEADER
fixed length control field 01465cam a2200361 ab4500
001 - CONTROL NUMBER
control field 2345447
003 - CONTROL NUMBER IDENTIFIER
control field OSt
005 - DATE AND TIME OF LATEST TRANSACTION
control field 20241111142403.0
008 - FIXED-LENGTH DATA ELEMENTS--GENERAL INFORMATION
fixed length control field 211222r20192011enkab c 000 1 eng d
020 ## - INTERNATIONAL STANDARD BOOK NUMBER
International Standard Book Number 978024133504
040 ## - CATALOGING SOURCE
Original cataloging agency NFG
Language of cataloging eng
Transcribing agency NFG
Modifying agency OCLCF
-- OCLCQ
-- OCLCO
-- OCLCQ
-- OCLCO
-- TCPL
-- KH8
Description conventions aacr2
042 ## - AUTHENTICATION CODE
Authentication code nbic
082 0# - DEWEY DECIMAL CLASSIFICATION NUMBER
Classification number FIC COL
100 1# - MAIN ENTRY--PERSONAL NAME
Personal name Colfer, Eoin.
Relator term author.
245 10 - TITLE STATEMENT
Title Artemis Fowl /
Statement of responsibility, etc. Eoin Colfer.
250 ## - EDITION STATEMENT
Edition statement Reissued edition.
260 ## - PUBLICATION, DISTRIBUTION, ETC.
Place of publication, distribution, etc. London :
Name of publisher, distributor, etc. Puffin,
Date of publication, distribution, etc. 2019.
300 ## - PHYSICAL DESCRIPTION
Extent 277 pages :
Other physical details illustrations, map ;
Dimensions 20 cm.
490 1# - SERIES STATEMENT
Series statement Artemis Fowl ;
Volume/sequential designation 1.
500 ## - GENERAL NOTE
General note "Criminally good"--Cover.
500 ## - GENERAL NOTE
General note Originally published: Viking, 2001.
500 ## - GENERAL NOTE
General note Includes extract from 'Artemis Fowl and the Arctic incident'; The People - A Spotter's Guide; Gnommish Alphabet; Foaly's top-secret gadgets.
520 ## - SUMMARY, ETC.
Summary, etc. When a twelve-year-old evil genius tries to restore his family fortune by capturing a fairy and demanding a ransom in gold, the fairies fight back with magic, technology, and a particularly nasty troll.
600 10 - SUBJECT ADDED ENTRY--PERSONAL NAME
Personal name Fowl, Artemis
Titles and other words associated with a name (Fictitious character)
Form subdivision Juvenile fiction.
650 #0 - SUBJECT ADDED ENTRY--TOPICAL TERM
Topical term or geographic name entry element Magic
Form subdivision Juvenile fiction.
650 #0 - SUBJECT ADDED ENTRY--TOPICAL TERM
Topical term or geographic name entry element Gifted children
Form subdivision Juvenile fiction.
650 #0 - SUBJECT ADDED ENTRY--TOPICAL TERM
Topical term or geographic name entry element Kidnapping
Form subdivision Juvenile fiction.
650 #0 - SUBJECT ADDED ENTRY--TOPICAL TERM
Topical term or geographic name entry element Leprechauns
Form subdivision Juvenile fiction.
650 #0 - SUBJECT ADDED ENTRY--TOPICAL TERM
Topical term or geographic name entry element Fairies
Form subdivision Juvenile fiction.
800 1# - SERIES ADDED ENTRY--PERSONAL NAME
Personal name Colfer, Eoin.
Title of a work Artemis Fowl ;
Volume/sequential designation bk. 1.
830 #0 - SERIES ADDED ENTRY--UNIFORM TITLE
Uniform title Artemis Fowl ;
Volume/sequential designation 1.
942 ## - ADDED ENTRY ELEMENTS (KOHA)
Source of classification or shelving scheme
Koha item type Books - Fiction
Holdings
Withdrawn status Lost status Source of classification or shelving scheme Damaged status Not for loan Collection code Permanent Location Current Location Shelving location Date acquired Full call number Barcode Date last seen Price effective from Koha item type
          Fiction KH8 Primary School Library KH8 Primary School Library Fiction 2024-11-11 FIC COL KHPL000004554 2025-12-05 2024-11-11 Books - Fiction

Powered By KH8 IT Dept